书目信息 |
| 题名: |
南南合作与中国的对外援助
|
|
| 作者: | 黄梅波 , 徐秀丽 , 毛小菁 主编 | |
| 分册: | ||
| 出版信息: | 北京 中国社会科学出版社 2017 |
|
| 页数: | 318页 | |
| 开本: | 24cm | |
| 丛书名: | ||
| 单 册: | ||
| 中图分类: | F114.43 , D822.2 | |
| 科图分类: | ||
| 主题词: | 南南合作--研究 , 对外援助--研究--中国 | |
| 电子资源: | ||
| ISBN: | 978-7-5161-9753-0 | |
| 000 | 01091nam0 2200277 450 | |
| 001 | 012001003100 | |
| 005 | 20140926114740.0 | |
| 010 | @a978-7-5161-9753-0@dCNY88.00 | |
| 100 | @a20170619d2017 em y0chiy50 ea | |
| 101 | 0 | @achi@aeng |
| 102 | @aCN@b110000 | |
| 105 | @ay z 000yy | |
| 106 | @ar | |
| 200 | 1 | @a南南合作与中国的对外援助@9nan nan he zuo yu zhong guo de dui wai yuan zhu@e案例研究@f黄梅波, 徐秀丽, 毛小菁主编 |
| 210 | @a北京@c中国社会科学出版社@d2017 | |
| 215 | @a318页@d24cm | |
| 330 | @a本书汇集了中国对外援助领域的专家学者收集整理并分析的14个中国对外援助案例。每篇案例研究在对中国对外援助项目的概况、特点、效果进行介绍的基础上,着重分析了中国对外援助的南南合作特征,体现了新兴市场国家在援助理念、援助原则、援助方式以及援助效应等方面与传统援助国的不同。 | |
| 606 | 0 | @a南南合作@x研究 |
| 606 | 0 | @a对外援助@x研究@y中国 |
| 690 | @aF114.43@v5 | |
| 690 | @aD822.2@v5 | |
| 701 | 0 | @a黄梅波@9huang mei bo@4主编 |
| 701 | 0 | @a徐秀丽@9xu xiu li@4主编 |
| 701 | 0 | @a毛小菁@9mao xiao jing@4主编 |
| 801 | 0 | @aCN@b上海新华@c20180901 |
| 905 | @b1162150-4@dF114.43@e191@f5 | |
| 南南合作与中国的对外援助:案例研究/黄梅波, 徐秀丽, 毛小菁主编.-北京:中国社会科学出版社,2017 |
| 318页;24cm |
| ISBN 978-7-5161-9753-0:CNY88.00 |
| 本书汇集了中国对外援助领域的专家学者收集整理并分析的14个中国对外援助案例。每篇案例研究在对中国对外援助项目的概况、特点、效果进行介绍的基础上,着重分析了中国对外援助的南南合作特征,体现了新兴市场国家在援助理念、援助原则、援助方式以及援助效应等方面与传统援助国的不同。 |
| ● |
| 相关链接 |
|
|
|
|
正题名:南南合作与中国的对外援助
索取号:F114.43/191
 
预约/预借
| 序号 | 登录号 | 条形码 | 馆藏地/架位号 | 状态 | 备注 |
| 1 | 1162150 | 211621501 | 第一样本阅览室/ [索取号:F114.43/191] | 在馆 | |
| 2 | 1162151 | 211621510 | 第一借阅区/ [索取号:F114.43/191] | 在馆 | |
| 3 | 1162152 | 211621529 | 第一借阅区/ [索取号:F114.43/191] | 在馆 | |
| 4 | 1162153 | 211621538 | 第一借阅区/ [索取号:F114.43/191] | 在馆 | |
| 5 | 1162154 | 211621547 | 密集书库-海洋学院/ [索取号:F114.43/191] | 在馆 |